000 00348nam a2200133Ia 4500
008 240624s9999 xx 000 0 und d
041 _aeng
082 _a346.066 KUM
100 _aKUMAR RAVINDER
245 _aLEGAL ASPECTS OF BUSINESS
250 _a(3rd ed.)
260 _c2013
_aNew Delhi
_bCengage Learning
300 _axxv, : 818 : p. : cm. ; 23
999 _c24227
_d24227